| 000 | 00889cam a22002655a 4500 | ||
|---|---|---|---|
| 001 | 010723948 | ||
| 005 | 20151203134528.0 | ||
| 008 | 011126t2001 enka frb 001 0 eng d | ||
| 020 | _a9780750647939 | ||
| 040 |
_aUk _cUk _beng _dEG-ScBUE |
||
| 082 | 0 | 4 |
_a624.177 _222 _bMAC |
| 100 | 1 |
_aMacDhomhnuill, Aonaghus Iain. _938827 |
|
| 245 | 1 | 0 |
_aStructure and architecture / _cAngus J. Macdonald. |
| 250 | _a2nd ed. | ||
| 260 |
_aOxon ; _aNew York : _bArchitectural Press /Routledge / Taylor & Francis Group, _cc.2001. |
||
| 300 |
_axiii, 151 p. : _bill. ; _c25 cm. |
||
| 500 | _aPrevious ed.: Oxford : Butterworth Architecture, 1994. | ||
| 500 | _aIndex : p.149-151. | ||
| 504 | _aIncludes bibliographical references. | ||
| 650 | 0 |
_aBuildings. _2BUEsh |
|
| 650 | 0 |
_aStructural engineering. _2BUEsh _95305 |
|
| 651 | _2BUEsh | ||
| 653 |
_bENGARC _cAugust2015 _cDecember2015 |
||
| 942 | _2ddc | ||
| 999 |
_c20730 _d20702 |
||